<?xml version="1.0" encoding="UTF-8"?>
<record
    xmlns:xsi="http://www.w3.org/2001/XMLSchema-instance"
    xsi:schemaLocation="http://www.loc.gov/MARC21/slim http://www.loc.gov/standards/marcxml/schema/MARC21slim.xsd"
    xmlns="http://www.loc.gov/MARC21/slim">

  <leader>00566nam a2200133Ia 4500</leader>
  <controlfield tag="008">100328s9999    xx            000 0 und d</controlfield>
  <datafield tag="082" ind1=" " ind2=" ">
    <subfield code="b">55340</subfield>
  </datafield>
  <datafield tag="100" ind1=" " ind2=" ">
    <subfield code="a">&#x939;&#x93F;&#x935;&#x930;&#x93E;&#x933;&#x947; &#x938;&#x941;&#x916;&#x930;&#x93E;&#x92E;</subfield>
  </datafield>
  <datafield tag="245" ind1=" " ind2=" ">
    <subfield code="a">&#x932;&#x94B;&#x915;&#x92A;&#x924;&#x94D;&#x930;&#x915;&#x93E;&#x930; &#x921;&#x945;&#x93E;.&#x92C;&#x93E;&#x92C;&#x93E;&#x938;&#x93E;&#x939;&#x947;&#x92C; &#x906;&#x902;&#x92C;&#x947;&#x921;&#x915;&#x930;</subfield>
  </datafield>
  <datafield tag="260" ind1=" " ind2=" ">
    <subfield code="b">&#x92A;&#x94D;&#x930;&#x91A;&#x93E;&#x930;</subfield>
  </datafield>
  <datafield tag="630" ind1=" " ind2=" ">
    <subfield code="a">&#x932;&#x94B;&#x915;&#x92A;&#x924;&#x94D;&#x930;&#x915;&#x93E;&#x930; &#x921;&#x945;&#x93E;.&#x92C;&#x93E;&#x92C;&#x93E;&#x938;&#x93E;&#x939;&#x947;&#x92C; &#x906;&#x902;&#x92C;&#x947;&#x921;&#x915;&#x930;</subfield>
  </datafield>
  <datafield tag="730" ind1=" " ind2=" ">
    <subfield code="a">&#x932;&#x94B;&#x915;&#x92A;&#x924;&#x94D;&#x930;&#x915;&#x93E;&#x930; &#x921;&#x945;&#x93E;.&#x92C;&#x93E;&#x92C;&#x93E;&#x938;&#x93E;&#x939;&#x947;&#x92C; &#x906;&#x902;&#x92C;&#x947;&#x921;&#x915;&#x930;</subfield>
  </datafield>
  <datafield tag="942" ind1=" " ind2=" ">
    <subfield code="c">BOOK</subfield>
  </datafield>
  <datafield tag="999" ind1=" " ind2=" ">
    <subfield code="c">542034</subfield>
    <subfield code="d">542031</subfield>
  </datafield>
  <datafield tag="952" ind1=" " ind2=" ">
    <subfield code="0">0</subfield>
    <subfield code="1">0</subfield>
    <subfield code="4">0</subfield>
    <subfield code="7">0</subfield>
    <subfield code="a">RNV</subfield>
    <subfield code="b">RNV</subfield>
    <subfield code="d">2010-03-28</subfield>
    <subfield code="l">0</subfield>
    <subfield code="p">RNV-55340</subfield>
    <subfield code="r">2010-03-28 00:00:00</subfield>
    <subfield code="w">2010-03-28</subfield>
    <subfield code="y">BOOK</subfield>
  </datafield>
</record>
